Statistiques concernant Plats et desserts italiens

Cliquez ici pour prendre le quiz!

Statistiques générales

  • Ce quiz a été pris 768 fois
  • Le résultat moyen est 5 sur 15

Statistiques - réponses

Plats% Correct
Pizza
91%
Tiramisu
87%
Lasagne
54%
Carbonara
42%
Bolognaise
41%
Panna cotta
38%
Ravioli
26%
Risotto
24%
Mozzarella
21%
Cannelloni
20%
Gnocchi
20%
Osso bucco
13%
Escalope milanaise
11%
Arancini
9%
Polpette
2%

Distribution des résultats

Percentile par nombre de réponses

% des personnes avec chaque résultat

Votre développement - résultats

Vous n’avez pas pris ce quiz